000 00529cam a2200205ua 4500
020 _cRs 10.00
041 _aeng
_h
082 _a620.1
_bCLE/AN
100 _aClements, Guy Roger.
245 _aAnalytical and applied mechanics /
_cGuy Roger Clements.
_hTextual Documents
250 _a3 /
_b.
260 _a :
_bEurasia Publishing house pvt ltd ,
_c1962.
300 _a463 ; .
365 _aRs 10.00
504 _a
650 _aMechanics
700 1 _aWilso, Levi Thomas.
942 _cBK
999 _c224
_d224